| 000 | 00780cam a2200205 i 4500 | ||
|---|---|---|---|
| 005 | 20260114102843.0 | ||
| 008 | 250721s2023 jo gr 000 0 ara d | ||
| 020 | _a9789923135877 | ||
| 082 | 1 | 4 |
_a306 _bخ ا ل |
| 100 | 1 |
_aخالص، وليد محمود _eمؤلف. |
|
| 245 | 1 | 2 |
_aالتيه المنهجي و محاولات الإفلات : _bدراسات في الكتابة العراقية الحديثة / _cد.وليد محمود خالص. |
| 250 | _aالطبعة الاولى. | ||
| 264 | 3 | 1 |
_aعمان : _bالآن ناشرون و موزعون، _c2023. |
| 300 | _a267صفحة. | ||
| 650 | 1 | 7 | _aالايديولوجيا. |
| 650 | 1 | 7 | _aالنقافة الجماهيرية. |
| 650 | 1 | 7 | _aالكتابة. |
| 942 |
_2ddc _cBK |
||
| 999 |
_c146124 _d146124 |
||